000 00555nam a2200169 i 4500
001 134646
003 ES-MaACL
005 20230906194721.0
007 t|
008 070912s1964 sp ||||1| spa d
100 1 _aWegmann, Rudolf.
_9116310
245 1 3 _aEl enemigo capital de la educación
_b: aficiones desordenadas y malos hábitos /
_cRudolf Wegmann ; [versión castellana de Ismael Antich].
260 _aBarcelona :
_bHerder,
_c1964.
300 _a219 p. ;
_c20 cm.
700 1 _aAntich, Ismael.
_921892
852 _aES-MaACL
_jC-27867
_bR.56728
999 _c134646
_d134646